000
00219 a2200097 4500
001
11959
100
_a
Pye. L.W.
245
_a
Communications and political
260
_a
_b
Princeton, new jersey
_c
090
_c
9213
_d
9213
942
_a
NUST-CAE
_c
M
_c
36060
999
_c
247032
_d
247032